| 000 | 00839nam a2200253Ia 4500 | ||
|---|---|---|---|
| 003 | OSt | ||
| 005 | 20220923215746.0 | ||
| 006 | a|||||r|||| 00| 0 | ||
| 007 | ta | ||
| 008 | 220922b |||||||| |||| 00| 0 hin d | ||
| 024 | _a181,557 | ||
| 037 | _cTextual | ||
| 040 |
_aARTS _cARTS _bhin |
||
| 041 |
_2hin _ahin |
||
| 082 | _aO152,1N09w, N0 | ||
| 100 | _aचौहान, सुधा | ||
| 245 | 0 | _aसुभद्रा कुमारी चौहान | |
| 246 | _aSubhadrā kumārī chauhāna | ||
| 260 |
_aनयी दिल्ली _b साहित्य अकादमी _c1990 |
||
| 300 |
_a100 पृ. _ccm. |
||
| 490 | _aभारतीय साहित्य के निर्माता | ||
| 942 |
_hO152,1N09w, N0 _cTEXL _2CC |
||
| 999 |
_c334934 _d334934 |
||